| 000 | 00408nam a22001697a 4500 | ||
|---|---|---|---|
| 003 | CEME | ||
| 005 | 20210628202046.0 | ||
| 008 | 210224b xxu||||| |||| 00| 0 eng d | ||
| 020 | _a0-7506-4601-2 | ||
| 040 | _c. | ||
| 082 | _a621.3815 BIS | ||
| 100 |
_aBishop, Owen _958102 |
||
| 245 | _aUnderstand electronic control systems | ||
| 260 |
_aNEW DELHI _bNEWNES _c2000 |
||
| 300 | _a288P | ||
| 942 |
_cBK _2ddc |
||
| 999 |
_c568314 _d568314 |
||